000 00897nam a22002417a 4500
001 71503
003 BD-RjUL
005 20211209082126.0
008 170504s1966 ii ||||| |||| 00| 0 ben d
020 _c Tk. : 8.00
035 _a(BD-RjUL)71719
040 _aBD-RjUL
_bben
_cBD-RjUL
041 _aben
082 _223
_a954.92
_bGUB 1966
100 1 _aগুপ্ত, অতুলচন্দ্র
_9161499
245 1 0 _aবঙ্গপ্রসঙ্গ /
_cঅতুলচন্দ্র গুপ্ত ; সুশীল রায় সম্পাদিত.
260 _aকলিকাতা
_bওরিয়েন্ট বুল কোং.,
_c১৯৬৬ [১৩৭২]
300 _a৩০৯ পৃ. ;
_c২৩ সেমি.
651 _aবাংলাদেশ
_9211540
651 _aBangladesh
_9211541
700 _aরায়, সুশীল
_9211542
942 _2ddc
_cBK
999 _c71503
_d71503